Oliver Cromwell / (Record no. 552700)

000 -LEADER
fixed length control field 00529cam a2200157 a 4500
082 00 - DEWEY DECIMAL CLASSIFICATION NUMBER
Classification number 942.06
Author Mark BUC
100 1# - MAIN ENTRY--PERSONAL NAME
Personal name Buchan, John,
9 (RLIN) 11826
245 10 - TITLE STATEMENT
Title Oliver Cromwell /
Statement of responsibility, etc. by John Buchan.
260 ## - PUBLICATION, DISTRIBUTION, ETC.
Place of publication, distribution, etc. London :
Name of publisher, distributor, etc. Hodder and Stoughton,
Date of publication, distribution, etc. 1934.
300 ## - PHYSICAL DESCRIPTION
Extent 554 p., [11] leaves of plates :
Other physical details 1 port., col. plans ;
Dimensions 23 cm.
526 ## - STUDY PROGRAM INFORMATION NOTE
Program name 0
Interest level 0
Reading level 0
Title point value 942_060000000000000_BUC
650 #0 - SUBJECT ADDED ENTRY--TOPICAL TERM
Topical term or geographic name entry element Generals
Geographic subdivision Great Britain
General subdivision Biography.
9 (RLIN) 49956
650 #0 - SUBJECT ADDED ENTRY--TOPICAL TERM
Topical term or geographic name entry element Heads of state
Geographic subdivision Great Britain
General subdivision Biography.
9 (RLIN) 49957
650 #0 - SUBJECT ADDED ENTRY--TOPICAL TERM
Topical term or geographic name entry element MCE
9 (RLIN) 379
942 ## - ADDED ENTRY ELEMENTS (KOHA)
Source of classification or shelving scheme
Koha item type Book
Holdings
Withdrawn status Lost status Source of classification or shelving scheme Damaged status Not for loan Permanent Location Current Location Shelving location Date acquired Total Checkouts Full call number Barcode Date last seen Price effective from Koha item type
          Military College of Engineering (MCE) Military College of Engineering (MCE)   01/21/2015   942.06 BUC MCE-ECO/19 01/21/2015 03/14/2021 Book
© 2023 Central Library, National University of Sciences and Technology. All Rights Reserved.